000 00969nam a2200241 a 4500
001 22744
003 CO-ViMGA
008 141112s2004 ck r 000 u spa d
020 _a958806031X
040 _aCO-ViMGA
_bspa
_cCO-ViMGA
082 0 4 _aMEVIECAR.6424 R653a
100 1 _aRomero Monje, Fabio
_932452
245 1 0 _aAutoCad 2000 - 2000i - 2002 :
_bManual de ejercicios
260 _aColombia :
_bEscuela colombiana de Ingenieria
300 _a210p.
505 _aConceptos basico, Construcciones geometricas, Creacion de textos, Edicion de objetos, Uso de referencias externas, Operaciones matematicas, Solidos 3D
650 1 4 _aAUTO CAD LT 2000 ( PROGRAMAS PARA COMPUTADOR) - MANUAL
_932453
650 1 4 _aAUTO CAD LT 2000i ( PROGRAMAS PARA COMPUTADOR) - MANUAL
_932454
650 1 4 _aAUTO CAD LT 2002 ( PROGRAMAS PARA COMPUTADOR)
_932455
650 1 4 _aDISEÑO CON AYUDA DE COMPUTADOR
_932456
650 1 4 _aGRAFICOS POR COMPUTADOR
_932457
942 _2ddc
_cBK
999 _c31042
_d31042